Statistiques concernant Footballeurs champions dans plusieurs pays

Cliquez ici pour prendre le quiz!

Statistiques générales

  • Ce quiz a été pris 258 fois
  • Le résultat moyen est 5 sur 7

Statistiques - réponses

HintRéponse% Correct
Ajax, Barça, Inter, Milan, PSG... champion dans chacun des clubs ! Et encore, mon passage à la Juventus m'aurait permis d'en glaner deux de plus sans le calciopoli. Par contre, même si on ne peut me reprocher d'avoir du nez, aucune ligue des champions...Ibrahimovic
92%
Monaco, Arsenal et Barcelone : trois clubs dans lesquels j'ai fêté le championnat ! Et comme à côté, j'ai enchainé les plus grands trophées, j'en ris facilementHenry
86%
PSV, Chelsea, Real et surtout, une épopée allemande qui remplira mon armoire à trophées. Mon plus bel exploit sera peut-être d'avoir supporté les blague de Ti'Franck durant 10 ans...Robben
79%
Ma carrière fut ponctuée de pas mal de titres de champion : MU, Real, PSG avec des escapades épicées à Milan et au Los Angeles GalaxyBeckham
72%
Boca, Corinthians, Juve... et les deux Manchester pour ne faire aucun jaloux ! Si j'obtiens la même réussite en tant qu'entraineur, fonction débutée en juin 2022...Tevez
60%
Champion dans seulement trois pays me concernant : l'Ajax, Manchester et le Real, ça vous pose un buteur. 382 pions au total dont 35 pour les OranjeVan Nistelrooy
55%
Sud-américain, j'ai été champion à l'Ajax, à l'Inter, au Barça et au PSG. Rajoutez quelques coupes et super-coupes : 32 titres au final dans ma carrière !Maxwell
47%

Distribution des résultats

Percentile par nombre de réponses

% des personnes avec chaque résultat

Votre développement - résultats

Vous n’avez pas pris ce quiz